000 00941nam a22003250a 4500
001 PT57520
003 AR-LpoUNG
005 20210131231816.0
008 191001s2014||||xxu|||||||||||||||||eng d
020 _a9780415894180
_c$75
040 _aAR-LpoUNG
_bspa
_cAR-LpoUNG
_eaacr
041 _aeng
044 _axxu
082 0 _a421.1 296soc
100 1 _aLantolf, James P.
245 1 0 _aSociocultural theory and the pedagogical imperative in L2 education :
_bvygotskian praxis and research/practice divide
250 _a1ra. ed.
260 _aNew York :
_bRoutledge,
_c2014.
300 _axv, 252 p. :
_btbls., gráfs.
650 4 _aEDUCACION
650 4 _aENSEÑANZA DE SEGUNDA LENGUA
650 4 _aLENGUA INGLESA
650 4 _aLINGUISTICA
650 4 _aMETODOS DE ENSEÑANZA
650 4 _aPEDAGOGIA
651 4 _aDOCUMENTOS TEORICOS O METODOLOGICOS
700 1 _aPoehner, Matthee E.
905 _a57520
942 _cLIB
999 _c12081
_d12081